Países en español - Statistics

General Stats
  • This quiz has been taken 719 times
    8 since last reset
  • The average score is 52 of 114
Answer Stats
Country País % Correct
Belgium Bélgica
71%
Croatia Croacia
71%
Spain España
71%
Iceland Islandia
71%
Dominican Republic República Dominicana
71%
Germany Alemania
57%
Angola Angola
57%
Argentina Argentina
57%
Austria Austria
57%
Belize Belice
57%
Brazil Brasil
57%
Canada Canadá
57%
Chile Chile
57%
Colombia Colombia
57%
North Korea Corea del Norte
57%
South Korea Corea del Sur
57%
Costa Rica Costa Rica
57%
Cuba Cuba
57%
Denmark Dinamarca
57%
Ecuador Ecuador
57%
Egypt Egipto
57%
Scotland Escocia
57%
Finland Finlandia
57%
France Francia
57%
Hungary Hungría
57%
Indonesia Indonesia
57%
England Inglaterra
57%
Iraq Irak
57%
Iran Irán
57%
Ireland Irlanda
57%
Italy Italia
57%
Kenya Kenia
57%
Niger Níger
57%
Norway Noruega
57%
New Zealand Nueva Zelanda
57%
Netherlands Países Bajos
57%
Paraguay Paraguay
57%
Poland Polonia
57%
Czech Republic República Checa
57%
Syria Siria
57%
South Africa Sudáfrica
57%
Turkey Turquía
57%
Uruguay Uruguay
57%
Afghanistan Afganistán
43%
Saudi Arabia Arabia Saudita
43%
Australia Australia
43%
Bolivia Bolivia
43%
Cambodia Camboya
43%
Chad Chad
43%
China China
43%
El Salvador El Salvador
43%
United Arab Emirates (Emirates Arabs United) Emiratos Árabes Unidos
43%
Estonia Estonia
43%
Philippines Filipinas
43%
Greece Grecia
43%
Guatemala Guatemala
43%
Haiti Haití
43%
Honduras Honduras
43%
India India
43%
Jamaica Jamaica
43%
Japan Japón
43%
Laos Laos
43%
Libya Libia
43%
Lithuania Lituania
43%
Madagascar Madagascar
43%
Malaysia Malasia
43%
Mali Malí
43%
Mexico México
43%
Micronesia Micronesia
43%
Monaco Mónaco
43%
Mongolia Mongolia
43%
Mozambique Mozambique
43%
Namibia Namibia
43%
Nicaragua Nicaragua
43%
Nigeria Nigeria
43%
Pakistan Pakistán
43%
Panama Panamá
43%
Papua New Guinea Papúa Nueva Guinea
43%
Peru Perú
43%
Portugal Portugal
43%
UK (United Kingdom) Reino Unido
43%
Romania Rumania
43%
Russia Rusia
43%
Samoa Samoa
43%
Sierra Leone Sierra Leona
43%
Singapore Singapur
43%
Sri Lanka Sri Lanka
43%
Sudan Sudán
43%
Sweden Suecia
43%
Switzerland Suiza
43%
Thailand Tailandia
43%
Taiwan Taiwán
43%
Tanzania Tanzania
43%
Tonga Tonga
43%
Ukraine Ucrania
43%
Uganda Uganda
43%
Venezuela Venezuela
43%
Vietnam Vietnam
43%
USA (States United of America) Estados Unidos de América
29%
Fiji Fiyi
29%
Wales Gales
29%
Ghana Ghana
29%
Lebanon Líbano
29%
Trinidad and Tobago Trinidad y Tobago
29%
Tunisia Túnez
29%
Zimbabwe Zimbabue
29%
Where are you from? ¿De dónde eres?
14%
Marshall Islands Islas Marshall
14%
I want to visit... Quiero visitar
14%
I am from England Soy de Inglaterra
14%
Which countries have you visited? ¿Cuál países has visitado?
0%
Where do you live? ¿Dónde vives?
0%
I have visited... He visitado
0%
I live in a city called Hull in the north east of England Vivo en una ciudad llamada Hull, en el noreste de Inglaterra.
0%
No matching quizzes found
Score Distribution
Percent of People with Each Score
Percentile by Number Answered
Your Score History
You have not taken this quiz since the last reset